I Encuentro de Mujeres Policías de Alto Rango de Centroamérica, Belice, Panamá y República Dominicana : del 31 de marzo al 2 de abril de 1998 : memoria analítica /
Obra que presenta los problemas y desafíos que enfrentan las mujeres policías en Belice, Costa Rica, Nicaragua, El Salvador, Guatemala, Honduras, Panamá y República Dominicana. El análisis está centrado en el compromiso de las fuerzas policiales para salvaguardar los derechos humanos y la lucha cont...
Kaydedildi:
| Müşterek Yazar: | |
|---|---|
| Diğer Yazarlar: | |
| Materyal Türü: | Konferans Sunumu Kitap |
| Dil: | İspanyolca |
| Konular: | |
| Etiketler: |
Etiket eklenmemiş, İlk siz ekleyin!
|
MARC
| LEADER | 00000nam^a2200000^a^4500 | ||
|---|---|---|---|
| 001 | 000333210 | ||
| 005 | 20250624000000.0 | ||
| 009 | 20260310114124.198 | ||
| 020 | |a 9968-778-33-8 | ||
| 037 | |a Acervo ITESO - Biblioteca | ||
| 041 | |a ESP | ||
| 082 | |a 363. 2097280 |b ENC 1998 | ||
| 111 | |a Encuentro de Mujeres Policías de Alto Rango de Centroamérica, Belice, Panamá y República Dominicana ( |n 1° : |d 1998 : |c Managua, Nicaragua) | ||
| 245 | 1 | 0 | |a I Encuentro de Mujeres Policías de Alto Rango de Centroamérica, Belice, Panamá y República Dominicana : |b del 31 de marzo al 2 de abril de 1998 : memoria analítica / |c Presen. de J.E. Méndez. |
| 264 | |a San José, Costa Rica : |b Instituto Interamericano de Derechos Humanos, |c 1998 | ||
| 300 | |a 272 p. | ||
| 336 | |a texto |b txt |2 rdacontenido | ||
| 337 | |a sin mediación |b n |2 rdamedio | ||
| 338 | |a volumen |b nc |2 rdasoporte | ||
| 520 | |a Obra que presenta los problemas y desafíos que enfrentan las mujeres policías en Belice, Costa Rica, Nicaragua, El Salvador, Guatemala, Honduras, Panamá y República Dominicana. El análisis está centrado en el compromiso de las fuerzas policiales para salvaguardar los derechos humanos y la lucha contra la discriminación de las mujeres en los ambientes laborales. | ||
| 649 | |a XX | ||
| 650 | |a Mujeres - |z América Central - |x Condiciones Laborales - |x Tema Principal | ||
| 650 | |a Policía - |z América Central - |x Tema Principal | ||
| 650 | |a Identidad de Género - |z América Central | ||
| 650 | |a Desarrollo Profesional - |z América Central | ||
| 650 | |a Discriminación - |z América Central | ||
| 650 | |a Derechos Humanos - |z América Central | ||
| 650 | |a Seguridad Pública - |z América Central | ||
| 650 | |a América Central - |x Condiciones Laborales | ||
| 700 | |a Méndez, Juan E. |e (presentación) | ||
| 910 | |a Fondo General | ||
| 920 | |a Impresos - Libros | ||
| 930 | |a Colección General | ||
| 905 | |a 101 | ||
| 901 | |a 0500223043 |b IT1 |c ACC |d DT |i D55794 |u 20250624 | ||
| 902 | |a https://opac.biblio.iteso.mx/vufind/Record/000333210 | ||